=LDR 00000nam 2200000 4500 =001 INLIS000000000059095 =005 20211025080211 =035 ##$$a 0010-1021000543 =007 ta =008 211025###########################0###### =082 ##$$a 324.5 =084 ##$$a 324.5 Sal s =245 ##$$a Salinan : Peraturan Komisi Pemilihan Umum Republik Indonesia Nomor 23 tahun 2018, Nomor 28 Tahun 2018, Nomor 33 Tahun 2018 Tentang Kampanye Pemilihan Umum =300 ##$$a 85 Halaman ; $c 24 cm =600 #4$$a Peilihan Umum - Kampanye =710 #$$a NUsa Tenggara Barat Komisi Pemilihan Umum =264 ##$$a Mataram :$b Komisi Pemilihan Umum,$c 2018 =336 ##$$a Buku$2 rdacontent =337 ##$$a Teks$2 rdamedia =338 ##$$a lain-lain$2 rdacarrier =990 ##$$a 23302330 =990 ##$$a 243/50/2021 =990 ##$$a 23322332 =990 ##$$a 23332333 =990 ##$$a 243/50/2021 =990 ##$$a 243/50/2021 =990 ##$$a 3202102333 =990 ##$$a 243/50/2021 =990 ##$$a 243/50/2021 =990 ##$$a 243/50/2021